Water relations of plants
Αποθηκεύτηκε σε:
| Κύριος συγγραφέας: | |
|---|---|
| Μορφή: | Βιβλίο |
| Γλώσσα: | English |
| Δημοσίευση: |
San Diego :
Academic Press,
c1983
|
| Θέματα: | |
| Ετικέτες: |
Προσθήκη ετικέτας
Δεν υπάρχουν, Καταχωρήστε ετικέτα πρώτοι!
|
MARC
| LEADER | 00000nam a2200000 i 4500 | ||
|---|---|---|---|
| 001 | 1/66627 | ||
| 008 | 931021s eng d | ||
| 020 | |a 0-12-425040-8 | ||
| 035 | |a ΛΕΣΒΟΣb10001759 |l 10001759 | ||
| 040 | |a GR-MY-UA |b gre |e aacr | ||
| 041 | 0 | |a eng | |
| 082 | 0 | |a 581.19212 | |
| 100 | 1 | |a Kramer, Paul Jackson. | |
| 245 | 1 | 0 | |a Water relations of plants / |c Paul J. Kramer |
| 260 | |a San Diego : |b Academic Press, |c c1983 | ||
| 300 | |a 489 p. | ||
| 500 | |a Includes bibliography and index | ||
| 650 | 0 | 0 | |a Plant-water relationships. |
| 852 | |a INST |b LESVOS |e 19931021 |h 581.19212 KRA |p 005100005572 |q 005100005572 |t BK |y 0 | ||
| 909 | |a Λ |b 017323 | ||